| 000 | 01001nam a2200289Ia 4500 | ||
|---|---|---|---|
| 001 | Z_1711 | ||
| 003 | CHAP | ||
| 008 | 220113s1999 xx 000 0 und d | ||
| 010 | _a164803 | ||
| 040 | _cCHAP | ||
| 090 | _aTesis C 1369 | ||
| 100 |
_aCundapi Farrera, Abadain _9138873 |
||
| 245 |
_aMejoramiento de la disponibilidad del fósforo del sorgo y pasta de soya con la utilización de fitosa en pollos de engorda en iniciación (1 - 21 días) / _cpor Abadain Cundapi Farrera y Guadalupe Rosalía de la Rosa Carrillo |
||
| 260 |
_aChapingo, Méx. : _bEl autor, _c1999 |
||
| 300 | _a30 h. | ||
| 502 | _aTesis (Ing. Agr. Esp. en Zootecnia) -- UACH. Departamento de Zootecnia | ||
| 650 |
_aAves de corral _xNutrición _98672 |
||
| 650 |
_aFósforo en nutricón animal _9138874 |
||
| 650 |
_aPasta de soya _985904 |
||
| 700 |
_aRosa Carrillo, Guadalupe Rosalía de la _9138875 |
||
| 901 | _aTESIS C 1369 | ||
| 902 | _aM | ||
| 910 | _a1999 | ||
| 942 | _c2 | ||
| 942 | _c2 | ||
| 999 |
_c164803 _d164803 |
||